Score 0/28 Timer 03:00
1 Play Today
Hint 4-Letter Word % Correct
Opposite of allNONE
95.8%
Give temporarilyLEND
93.7%
Slangy refusalNOPE
93.7%
End of a prayerAMEN
92.1%
Back of the neckNAPE
92.1%
Jay who preceded Jimmy FallonLENO
91.9%
Show off musclesFLEX
91.4%
Gillian Flynn's '___ Girl'GONE
90.2%
Heredity transmitterGENE
90.2%
City in California
Start in wine country
⛽ NAPA ⛽
88.9%
City in Nevada
Stop at this town at the foot of the Sierra Nevada
⛽ RENO ⛽
88.8%
Mr. TrebekALEX
88.5%
Broad smileGRIN
88.4%
Pyramid's pointAPEX
86.6%
Hint 4-Letter Word % Correct
Friends of TarzanAPES
86.5%
Legal clerk BrockovichERIN
85.2%
Hightail itFLEE
84.1%
Crossword patternGRID
83.7%
Artist Magritte RENÉ
82.9%
City in Iowa
Fill up the car at the home of ISU
⛽ AMES ⛽
82.8%
Idi of UgandaAMIN
80.9%
Gratis FREE
80.8%
Unsuitable for farmingARID
80%
In the midstAMID
79.8%
City in Pennsylvania
End your trip at this industrial city situated on a Great Lake
⛽ ERIE ⛽
77.3%
Take care of yourselfFEND
75.4%
Armisen of 'Portlandia'FRED
73.9%
Farm store purchaseFEED
73.3%

Today's Daily Dose

Remove Ads.
Support Sporcle.
Get the best of Sporcle when you Go Orange. This ad-free experience offers more features, more stats, and more fun while also helping to support Sporcle. Thank you for becoming a member.

You're not logged in!

Compare scores with friends on all Sporcle quizzes.
OR
Log In

Show Comments

Extras

Top Quizzes Today


Score Distribution

Your Account Isn't Verified!

In order to create a playlist on Sporcle, you need to verify the email address you used during registration. Go to your Sporcle Settings to finish the process.

Report this User

Report this user for behavior that violates our Community Guidelines.

Details: